[Event "Laconi Perla del Sarcidano op 3rd"]
[Site "Laconi"]
[Date "2007.08.05"]
[Round "2"]
[White "Napoli, Nicolo"]
[Black "Pes, Francesco"]
[Result "1-0"]
[WhiteElo "2277"]
[BlackElo "1820"]
[PlyCount "61"]
[EventDate "2007.08.04"]
[EventType "swiss"]
[EventRounds "9"]
[EventCountry "ITA"]
[SourceTitle "EXT 2010"]
[Source "ChessBase"]
[SourceDate "2010.11.25"]
[SourceVersion "1"]
[SourceVersionDate "2010.11.25"]
[SourceQuality "1"]

1. d4 Nf6 2. g4 d5 3. g5 Ne4 4. c4 e6 5. Nc3 Bb4 6. Qb3 Nc6 7. Nf3 a5 8. a3 Bxc3+ 9. bxc3 a4 10. Qc2 Bd7 11. cxd5 exd5 12. c4 Bf5 13. Qb2 Na5 14. e3 Nb3 15. Ra2 c6 16. Bd2 Bg4 17. Ne5 Nexd2 18. Nxg4 Qxg5 19. Be2 h5 20. f4 Qe7 21. Ne5 Qh4+ 22. Kd1 Qf2 23. cxd5 Qxe3 24. Re1 Ne4 25. Bd3 Qd2+ 26. Qxd2 Nexd2 27. Nf3+ Kd7 28. Nxd2 Nxd4 29. Rb2 b5 30. Re4 Nf5 31. dxc6+ 1-0

[Event "Laconi Perla del Sarcidano op 3rd"]
[Site "Laconi"]
[Date "2007.08.05"]
[Round "3"]
[White "Pes, Francesco"]
[Black "Carta, Francesco"]
[Result "1-0"]
[WhiteElo "1820"]
[BlackElo "1616"]
[PlyCount "37"]
[EventDate "2007.08.04"]
[EventType "swiss"]
[EventRounds "9"]
[EventCountry "ITA"]
[SourceTitle "EXT 2010"]
[Source "ChessBase"]
[SourceDate "2010.11.25"]
[SourceVersion "1"]
[SourceVersionDate "2010.11.25"]
[SourceQuality "1"]

1. e4 e5 2. Nf3 Nc6 3. d4 exd4 4. Nxd4 Bc5 5. c3 Qf6 6. Be3 Nge7 7. Be2 b6 8. 0-0 Bb7 9. Nb5 0-0-0 10. Bxc5 bxc5 11. Qa4 Kb8 12. N5a3 d5 13. Nd2 d4 14. Ndc4 Nc8 15. Qb5 d3 16. Bf3 Nd6 17. Qxc5 Rhe8 18. Nxd6 Re5 19. Qe3 1-0

[Event "Cagliari Coppa 31st"]
[Site "Cagliari"]
[Date "2006.03.25"]
[Round "1"]
[White "Locci, Damiano"]
[Black "Pes, Francesco"]
[Result "1-0"]
[WhiteElo "1934"]
[BlackElo "1802"]
[PlyCount "61"]
[EventDate "2006.03.25"]
[EventType "swiss"]
[EventRounds "7"]
[EventCountry "ITA"]
[SourceTitle "EXT 2024"]
[Source "ChessBase"]
[SourceDate "2023.10.10"]
[SourceVersion "1"]
[SourceVersionDate "2023.10.10"]
[SourceQuality "1"]

1. e4 e5 2. Nf3 Nc6 3. Bb5 a6 4. Ba4 Bc5 5. 0-0 Nf6 6. d3 d6 7. c3 0-0 8. Be3 b5 9. Bc2 Bg4 10. Nbd2 Qd7 11. Re1 Bb6 12. Qe2 d5 13. Bxb6 cxb6 14. exd5 Qxd5 15. Qe3 Qc5 16. Nxe5 Nxe5 17. Qxe5 Qc6 18. Ne4 Kh8 19. Nxf6 gxf6 20. Qf4 Rg8 21. Kf1 Bh5 22. f3 Rad8 23. d4 Rg7 24. Be4 Qc4+ 25. Kf2 Rdg8 26. Qxf6 b4 27. cxb4 Qxb4 28. Re2 Qb5 29. d5 Re8 30. Rc1 Bg6 31. Qc6 1-0

[Event "Corrado Bitti Memorial 5th"]
[Site "Laconi"]
[Date "2005.08.06"]
[Round "1"]
[White "Pes, Francesco"]
[Black "Loi, Francesco"]
[Result "1-0"]
[WhiteElo "1763"]
[BlackElo "1408"]
[PlyCount "107"]
[EventDate "2005.08.06"]
[EventType "swiss"]
[EventRounds "9"]
[EventCountry "ITA"]
[SourceTitle "EXT 2007"]
[Source "ChessBase"]
[SourceDate "2006.11.23"]
[SourceVersion "1"]
[SourceVersionDate "2006.11.23"]
[SourceQuality "1"]

1. d4 d5 2. c4 c6 3. Nf3 Nf6 4. Nc3 e6 5. Bg5 Be7 6. e3 Nbd7 7. cxd5 cxd5 8. Bd3 Qc7 9. Rc1 Qb6 10. Qc2 h6 11. Bh4 g5 12. Bg3 g4 13. Nh4 h5 14. 0-0 Bd6 15. Bxd6 Qxd6 16. Nb5 Qc6 17. Nc7+ Ke7 18. Nxa8 Qd6 19. Nc7 a6 20. Bf5 Rg8 21. g3 b6 22. Bd3 b5 23. Qc6 Qxc6 24. Rxc6 Bb7 25. Rc2 Nb6 26. Nxb5 Rb8 27. Na7 Ne4 28. Bxe4 dxe4 29. Nc6+ Bxc6 30. Rxc6 Nd5 31. Rxa6 Rxb2 32. Rc1 Rb7 33. Ng2 Kf6 34. Nf4 Nxf4 35. gxf4 Rb5 36. Rc5 Rb1+ 37. Kg2 h4 38. h3 gxh3+ 39. Kxh3 Rh1+ 40. Kg2 Rd1 41. Rh5 Kg6 42. Rxh4 Rc1 43. a4 Ra1 44. a5 Ra2 45. Ra8 Kg7 46. a6 Kf6 47. a7 Ra5 48. Rhh8 Ra4 49. Rhc8 Ra5 50. Rc7 Rh5 51. Rf8 Rh7 52. Rcxf7+ Rxf7 53. Rxf7+ Kxf7 54. a8Q 1-0